Sahitya samart narsingh (Record no. 930266)

MARC details
000 -LEADER
fixed length control field 00663nam a2200241Ia 4500
003 - CONTROL NUMBER IDENTIFIER
control field OSt
005 - DATE AND TIME OF LATEST TRANSACTION
control field 20221005022945.0
008 - FIXED-LENGTH DATA ELEMENTS--GENERAL INFORMATION
fixed length control field 221004b |||||||| |||| 00| 0 mar d
037 ## - SOURCE OF ACQUISITION
Terms of availability Textual
040 ## - CATALOGING SOURCE
Original cataloging agency CRL
Transcribing agency CRL
Language of cataloging mar
041 ## - LANGUAGE CODE
Source of code mar
Language code of text/sound track or separate title mar
100 ## - MAIN ENTRY--PERSONAL NAME
Personal name Davnav Sankar Ganesh
9 (RLIN) 578897
245 #0 - TITLE STATEMENT
Title Sahitya samart narsingh
260 ## - PUBLICATION, DISTRIBUTION, ETC.
Place of publication, distribution, etc. Auogabad
Name of publisher, distributor, etc. Mukand prakashan India
Date of publication, distribution, etc. 1972
300 ## - PHYSICAL DESCRIPTION
Extent 98p.
Dimensions cm.
650 ## - SUBJECT ADDED ENTRY--TOPICAL TERM
Topical term or geographic name entry element MARATHI LITERATURE
9 (RLIN) 38000
942 ## - ADDED ENTRY ELEMENTS (KOHA)
Classification part O155,2M72w, L2
Koha item type Textual
Source of classification or shelving scheme
Holdings
Withdrawn status Lost status Damaged status Not for loan Home library Current library Date acquired Total Checkouts Full call number Barcode Date last seen Price effective from Koha item type
        Central Library Central Library 2022-10-05   O155,2M72w L2 AL0344763 2022-10-05 2022-10-05 Textual
Copyright @ Delhi University Library System